000 00642nam a2200205Ii 4500
003 JO-AjNU
008 230606s9999||||xx |||||||||||||| ||und||
020 _a0-19-503245-4
040 _aJO-AjNU
_beng
_erda
_cJO-AjNU
041 _aeng
050 1 4 _aPE1408.K2728 1983
100 3 _aKane ,Thomas .S,
_eauthor
_95417
245 0 4 _aThe Oxford Guide to Writing: A Rhetoric and handbook for College Students
264 3 1 _aNew York : Oxford University press
300 _a820p
_bincluds index
336 _atext
_btxt
_2rdacontent
337 _aunmediated
_bn
_2rdamedia
338 _avolume
_bnc
_2rdacarrier
650 4 _aEnglish languge
_95418
999 _aE2797
_c2795
_d2795